Sports Quiz

Random Sports Quiz

Name the ESPN Employees Quiz Stats

Quiz not verified by Sporcle

Also try: Losing Finalists
Challenge
Share
Tweet
https://encrypted-tbn2.gstatic.com/images?q=tbn:ANd9GcTEacELal9_SKYHM95P1vSpxbeO5ILlVemX6JQgJuyLqfzR2JCgvA">
Score 0/27 Timer 05:00
0 Plays Today
% Correct
???
92.2%
???
89.1%
???
82.8%
???
76.6%
???
73.4%
???
73.4%
???
71.9%
???
68.8%
???
66.1%
???
66.1%
???
65.6%
???
65.6%
???
62.5%
???
60.9%
% Correct
???
59.4%
???
59.3%
???
57.8%
???
57.8%
???
54.7%
???
50%
???
48.4%
???
45.8%
???
45.3%
???
42.4%
???
37.3%
???
34.4%
???
14.1%

You're not logged in!

Compare scores with friends on all Sporcle quizzes.
Sign Up with Email
OR
Log In

You Might Also Like...

Show Comments

Extras

Top Quizzes Today


Score Distribution

Your Account Isn't Verified!

In order to create a playlist on Sporcle, you need to verify the email address you used during registration. Go to your Sporcle Settings to finish the process.